Narządy wewnętrzne po angielsku - Statystyki

Ogólne statystyki
  • Ten quiz został rozwiązany 21 razy
  • Średni wynik to 5 z 18
Statystyki odpowiedzi
Słowo Odpowiedź % Poprawnych
mózg brain
100%
wątroba liver
74%
żołądek stomach
63%
gardło throat
58%
płuco lung
53%
nerka kidney
47%
wyrostek robaczkowy appendix
11%
pęcherz moczowy bladder
11%
trzustka pancreas
11%
śledziona spleen
11%
woreczek żółciowy gallbladder
5%
serce hearth
5%
jelito cienkie small intestine
5%
tarczyca thyroid gland
5%
tchawica windpipe
5%
dwunastnica duodendum
0%
jelito grube large intestine
0%
krtań pharynx
0%
Nie znaleziono quizów pasujących do podanych kryteriów
Rozkład punktacji
Procent ludzi z każdym wynikiem
Percentyl według liczby udzielonych odpowiedzi
Twoja historia wyników
Nie rozwiązałeś tego quizu